[Event "Pere Noel U1800"]
[Site "Montreal CAN"]
[Date "2023.12.28"]
[Round "2.42"]
[White "Lamontagne, Damien"]
[Black "Podariv, Cristian"]
[Result "1-0"]
[WhiteElo "1423"]
[BlackElo "1483"]
[PlyCount "61"]
[EventDate "2023.12.27"]
[EventType "swiss"]
[EventRounds "5"]
[EventCountry "CAN"]

1. e4 c5 2. Nf3 e6 3. d4 cxd4 4. Nxd4 a6 5. Nc3 Qc7 6. Bd2 Nf6 7. Bd3 b6 8. Qe2
d6 9. O-O-O Bb7 10. f3 Nbd7 11. Nb3 Be7 12. g4 Ne5 13. g5 Nfd7 14. f4 Nxd3+ 15.
Qxd3 O-O 16. Rhg1 g6 17. h4 f5 18. exf5 Rxf5 19. h5 Nc5 20. Nxc5 dxc5 21. hxg6
hxg6 22. Qh3 Bd6 23. Ne2 Raf8 24. Ng3 Bxf4 25. Nxf5 exf5 26. Bxf4 Qxf4+ 27. Kb1
Qc7 28. Rd2 Rd8 29. Rgd1 Rxd2 30. Rxd2 Qf4 31. Rd8+ 1-0

[Event "Pere Noel U1800"]
[Site "Montreal CAN"]
[Date "2023.12.28"]
[Round "2.43"]
[White "Mourad, Michel"]
[Black "Tremblay, Xavier"]
[Result "1-0"]
[WhiteElo "1598"]
[BlackElo "1388"]
[PlyCount "60"]
[EventDate "2023.12.27"]
[EventType "swiss"]
[EventRounds "5"]
[EventCountry "CAN"]

1. d4 Nf6 2. c4 g6 3. Nc3 Bg7 4. Bg5 O-O 5. e3 d6 6. Nf3 h6 7. Bh4 c6 8. Bd3
Qc7 9. O-O e5 10. d5 Nh7 11. e4 f5 12. exf5 gxf5 13. Be2 Nd7 14. dxc6 Ndf6 15.
cxb7 Bxb7 16. Nb5 Qc6 17. Qxd6 Ne8 18. Qxc6 Bxc6 19. c5 Bxb5 20. Bxb5 e4 21.
Ne1 Ng5 22. Rb1 Rb8 23. Bc4+ Kh8 24. b4 Nc7 25. Nc2 a6 26. a4 Rfd8 27. Rfd1 f4
28. Rd6 Rxd6 29. cxd6 Nce6 30. Bxg5 hxg5 1-0

[Event "Pere Noel U1800"]
[Site "Montreal CAN"]
[Date "2023.12.28"]
[Round "2.44"]
[White "Ouni, Iheb"]
[Black "Bedard, Michel"]
[Result "1/2-1/2"]
[WhiteElo "1363"]
[BlackElo "1593"]
[PlyCount "96"]
[EventDate "2023.12.27"]
[EventType "swiss"]
[EventRounds "5"]
[EventCountry "CAN"]

1. e4 e5 2. f4 exf4 3. Nf3 d5 4. exd5 Nf6 5. Nc3 Nxd5 6. Nxd5 Qxd5 7. d4 Qe4+
8. Be2 Bd6 9. O-O O-O 10. Bd3 Qe7 11. c4 c6 12. Re1 Qf6 13. c5 Bc7 14. Ne5 Bf5
15. Bc4 Be6 16. Bd3 Bd5 17. Qg4 f3 18. Nxf3 Bxf3 19. gxf3 h6 20. Qe4 Qg6+ 21.
Qxg6 fxg6 22. Bxg6 Na6 23. Re7 Rxf3 24. Kg2 Raf8 25. Be3 R3f6 26. Bd3 Nb4 27.
Bc4+ Kh8 28. Rc1 Bf4 29. Bxf4 Rxf4 30. Rxb7 Rf2+ 31. Kg1 Nc2 32. Rf1 Rxf1+ 33.
Bxf1 Ra8 34. Rd7 Rb8 35. Bd3 Nb4 36. Bc4 Nc2 37. Rxa7 Nxd4 38. b3 Nc2 39. a4
Nd4 40. a5 Nxb3 41. Bxb3 Rxb3 42. a6 Rb2 43. Ra8+ Kh7 44. a7 Rb5 45. Kf2 Ra5
46. Ke2 Ra3 47. Kd2 Kg6 48. Kc2 Kg5 1/2-1/2

[Event "Pere Noel U1800"]
[Site "Montreal CAN"]
[Date "2023.12.28"]
[Round "2.45"]
[White "Wang, Andrew"]
[Black "Sonko, Babacar"]
[Result "0-1"]
[WhiteElo "1258"]
[BlackElo "1526"]
[PlyCount "34"]
[EventDate "2023.12.27"]
[EventType "swiss"]
[EventRounds "5"]
[EventCountry "CAN"]

1. e4 e5 2. Nf3 Nc6 3. Bc4 Nf6 4. d3 Bc5 5. Nc3 h6 6. O-O d6 7. h3 g5 8. Nxg5
hxg5 9. Bxg5 Rg8 10. h4 Rxg5 11. hxg5 Bg4 12. Qd2 Nh5 13. Na4 Nd4 14. Nxc5 Ne2+
15. Kh1 Nhf4 16. Qb4 Qxg5 17. Bxf7+ Ke7 0-1

[Event "Pere Noel U1800"]
[Site "Montreal CAN"]
[Date "2023.12.28"]
[Round "2.46"]
[White "Levasseur, Sylvain"]
[Black "Saillant, Christopher"]
[Result "0-1"]
[WhiteElo "1486"]
[BlackElo "1375"]
[PlyCount "62"]
[EventDate "2023.12.27"]
[EventType "swiss"]
[EventRounds "5"]
[EventCountry "CAN"]

1. e4 c5 2. Nf3 d6 3. Bb5+ Bd7 4. Bxd7+ Nxd7 5. O-O Ngf6 6. Re1 g6 7. d3 Bg7 8.
h3 b5 9. Nbd2 a6 10. Rb1 Rc8 11. Qe2 e5 12. Nf1 O-O 13. Bg5 h6 14. Bd2 c4 15.
Ng3 Re8 16. Qd1 Qc7 17. Bc3 d5 18. Qd2 d4 19. Ba5 Qd6 20. a3 Nb6 21. Qe2 Nfd7
22. Nh2 Rc6 23. Bd2 Rec8 24. Bb4 Qe6 25. Qg4 Qxg4 26. hxg4 cxd3 27. cxd3 Rc2
28. Nhf1 Bf8 29. Ba5 Na4 30. b3 Nb2 31. Red1 Nxd1 0-1

[Event "Pere Noel U1800"]
[Site "Montreal CAN"]
[Date "2023.12.28"]
[Round "2.47"]
[White "Bergeron, Jean-Guy"]
[Black "Ouimet, Alain"]
[Result "0-1"]
[WhiteElo "1427"]
[BlackElo "1322"]
[PlyCount "143"]
[EventDate "2023.12.27"]
[EventType "swiss"]
[EventRounds "5"]
[EventCountry "CAN"]

1. c4 g6 2. d4 Bg7 3. e4 d6 4. Nf3 Nd7 5. Nc3 c5 6. Be3 Ngf6 7. dxc5 dxc5 8.
Qa4 O-O 9. Rd1 Qb6 10. Qa3 Qb4 11. e5 Qxa3 12. bxa3 Ng4 13. Bg5 e6 14. Be7 Re8
15. Bd6 a6 16. Ne4 b6 17. Bc7 Ndxe5 18. Nxe5 Nxe5 19. Nd6 Re7 20. Bxb6 Nd7 21.
Ba5 Nf8 22. Be2 Be5 23. Ne4 Bd4 24. Bf3 Rb8 25. Bd8 Ra7 26. Nf6+ Bxf6 27. Bxf6
Bb7 28. Ke2 Bxf3+ 29. Kxf3 Nd7 30. Bc3 Nb6 31. Be5 Rc8 32. Rc1 Rd7 33. Ke2 Rcd8
34. Bf4 Na4 35. Bg5 Rb8 36. Bf6 Rb6 37. Rcd1 Rbd6 38. Rxd6 Rxd6 39. Rb1 Nb6 40.
Be5 Rc6 41. Kd3 Nd7 42. Bc3 Kf8 43. Rb7 Ke8 44. Ra7 Rd6+ 45. Ke4 f5+ 46. Ke3 e5
47. Ra8+ Kf7 48. Ra7 Ke6 49. Ra8 f4+ 50. Ke2 Nf6 51. f3 Kf5 52. Rc8 Nd7 53. Rh8
Nf6 54. Rf8 Ke6 55. Rc8 Nd7 56. Re8+ Kf6 57. Rh8 Kg7 58. Re8 Kf6 59. Rd8 Ke7
60. Ba5 Nf6 61. Rh8 Rd4 62. Bc7 Rxc4 63. Bxe5 Rc2+ 64. Kd3 Rxa2 65. Rc8 Rxa3+
66. Kc4 Nd7 67. Rc7 Ra4+ 68. Kd5 Kd8 69. Bd6 Ra5 70. Kc6 Nb8+ 71. Kb7 Ra4 72.
Ka7 {illisible} 0-1

[Event "Pere Noel U1800"]
[Site "Montreal CAN"]
[Date "2023.12.28"]
[Round "2.48"]
[White "Zhou, Julian"]
[Black "Germain, Max jr"]
[Result "1-0"]
[WhiteElo "1147"]
[BlackElo "1426"]
[PlyCount "51"]
[EventDate "2023.12.27"]
[EventType "swiss"]
[EventRounds "5"]
[EventCountry "CAN"]

1. e4 d6 2. d4 a6 3. Nc3 b5 4. Qf3 Bb7 5. Be3 Nf6 6. Bd3 Nbd7 7. O-O-O c5 8.
dxc5 dxc5 9. b3 Qa5 10. Bd2 b4 11. Na4 Ne5 12. Qf5 Nxd3+ 13. cxd3 e6 14. Qf4
Rd8 15. Qe3 Be7 16. Nf3 O-O 17. a3 Bc6 18. axb4 cxb4 19. Qb6 Qxb6 20. Nxb6 Bb5
21. Be3 Bxd3 22. e5 Ne4 23. Nd4 Bb5 24. Nxb5 axb5 25. Rhe1 Nc3 26. Rd2 {
Illisible} 1-0

[Event "Pere Noel U1800"]
[Site "Montreal CAN"]
[Date "2023.12.28"]
[Round "2.49"]
[White "Amari, Mathias"]
[Black "Rebhi, Mohamed"]
[Result "1-0"]
[WhiteElo "1421"]
[BlackElo "1256"]
[PlyCount "111"]
[EventDate "2023.12.27"]
[EventType "swiss"]
[EventRounds "5"]
[EventCountry "CAN"]

1. e4 e5 2. Nf3 Nc6 3. d4 d6 4. dxe5 dxe5 5. Qxd8+ Kxd8 6. Nc3 Bd6 7. Be3 Be6
8. Ng5 Ke7 9. O-O-O Bd7 10. Bc4 Nh6 11. h3 Raf8 12. Nb5 Na5 13. Nxd6 cxd6 14.
Bd5 b6 15. Rd2 Nc6 16. Rhd1 Nd8 17. Nf3 Ng8 18. Ba8 Ne6 19. Rxd6 Nf6 20. Bb7
Rb8 21. Ba6 Rhd8 22. Nxe5 h6 23. f3 Nc5 24. Bxc5 bxc5 25. Nxd7 Nxd7 26. Bc4 f6
27. Bb3 Ne5 28. Rxd8 Rxd8 29. Rxd8 Kxd8 30. f4 Nc6 31. c3 Kc7 32. Kd2 Kd6 33.
Ke3 a5 34. g4 g5 35. Bd5 gxf4+ 36. Kxf4 Ne7 37. Bb3 Nc6 38. Kf5 Ke7 39. Kg6
Ne5+ 40. Kxh6 c4 41. Bd1 Nd3 42. h4 Nxb2 43. Be2 Na4 44. Bxc4 Nxc3 45. Bd5 Kd6
46. g5 f5 47. exf5 Nxd5 48. f6 Ke6 49. Kg7 Ne3 50. h5 Nf5+ 51. Kg8 Nd6 52. h6
Nf7 53. h7 a4 54. h8=Q Nxh8 55. Kxh8 Kf7 56. Kh7 1-0

[Event "Pere Noel U1800"]
[Site "Montreal CAN"]
[Date "2023.12.29"]
[Round "3.28"]
[White "Hu, Richard"]
[Black "Lajoie, Luc"]
[Result "1/2-1/2"]
[WhiteElo "1515"]
[BlackElo "1644"]
[PlyCount "182"]
[EventDate "2023.12.27"]
[EventType "swiss"]
[EventRounds "5"]
[EventCountry "CAN"]

1. e4 c5 2. Nf3 e6 3. d4 cxd4 4. Nxd4 a6 5. Nc3 Qc7 6. Be3 Nf6 7. a3 b5 8. Bd3
d6 9. h3 h5 10. Qd2 Bd7 11. f4 Nc6 12. Nf3 Rc8 13. Qf2 Be7 14. O-O Qb8 15. Na2
d5 16. e5 Ne4 17. Bxe4 dxe4 18. Nd4 O-O 19. Rad1 f5 20. Nxf5 exf5 21. Rxd7 Rf7
22. Qe2 g6 23. Rdd1 Nd8 24. Nc3 Bxa3 25. Nxb5 axb5 26. bxa3 Rc4 27. Rd6 Rc6 28.
Rfd1 Rf8 29. g4 fxg4 30. hxg4 Qc8 31. gxh5 Rxc2 32. Rxg6+ Kh7 33. Qg4 Qxg4+ 34.
Rxg4 Rc3 35. Bd4 Rf3 36. Rf1 Rh3 37. Re1 Ne6 38. Rxe4 Rxa3 39. Bf2 Rf5 40. Rh4
Kh6 41. Rb4 Rf3 42. Kg2 Rc3 43. Rxb5 Nxf4+ 44. Kg1 Rg5+ 45. Kf1 Rc1+ 46. Be1
Rxe1+ 47. Kxe1 Ng2+ 48. Ke2 Nxh4 49. Ke3 Rxh5 50. Ke4 Ng6 51. Rc5 Ne7 52. Kd4
Rh4+ 53. Kd3 Kg6 54. Rc4 Rh5 55. Re4 Rg5 56. Re3 Kf5 57. Re1 Ke6 58. Kd2 Nc6
59. Re2 Nxe5 60. Kc2 Kd5 61. Rd2+ Kc4 62. Re2 Nc6 63. Kd2 Kd4 64. Rf2 Rg3 65.
Rf4+ Ke5 66. Rf2 Nd4 67. Kc1 Rd3 68. Kb2 Rb3+ 69. Kc1 Ra3 70. Kb2 Rb3+ 71. Kc1
Ke4 72. Rf8 Kd3 73. Rd8 Rb4 74. Rd7 Rc4+ 75. Kd1 Rc6 76. Rd8 Rh6 77. Kc1 Kc3
78. Rc8+ Nc6 79. Kd1 Kd3 80. Ke1 Nd4 81. Rd8 Ke3 82. Re8+ Ne6 83. Kd1 Kd3 84.
Kc1 Rh1+ 85. Kb2 Rh2+ 86. Kb3 Nd4+ 87. Kb4 Rh5 88. Rd8 Rb5+ 89. Ka3 Rb1 90. Rh8
Kc4 91. Rh4 Rg1 1/2-1/2

[Event "Pere Noel U1800"]
[Site "Montreal CAN"]
[Date "2023.12.29"]
[Round "3.29"]
[White "Ivanov Yuan, Maksim"]
[Black "Chen, Rae"]
[Result "1/2-1/2"]
[WhiteElo "1488"]
[BlackElo "1549"]
[PlyCount "71"]
[EventDate "2023.12.27"]
[EventType "swiss"]
[EventRounds "5"]
[EventCountry "CAN"]

1. e4 c5 2. Nf3 d6 3. d4 cxd4 4. Nxd4 Nf6 5. Nc3 g6 6. Be3 Bg7 7. f3 O-O 8. Bc4
Nc6 9. Qd2 Bd7 10. O-O-O Rc8 11. Bb3 Ne5 12. h4 h5 13. g4 hxg4 14. h5 Nxh5 15.
Bh6 e6 16. Bxg7 Kxg7 17. fxg4 Nxg4 18. Rdg1 Nhf6 19. Nf3 Rh8 20. Rxh8 Qxh8 21.
Qxd6 Qh3 22. Qf4 Qh6 23. Ng5 Rc5 24. Nd5 exd5 25. e5 Ne4 26. Qxf7+ Kh8 27. Qxd7
Nxg5 28. e6 Nf3+ 29. Kb1 Nxg1 30. e7 Nf6 31. e8=Q+ Nxe8 32. Qxe8+ Kh7 33. Qe7+
Kh8 34. Qe8+ Kh7 35. Qe7+ Kh8 36. Qe8+ 1/2-1/2

[Event "Pere Noel U1800"]
[Site "Montreal CAN"]
[Date "2023.12.29"]
[Round "3.31"]
[White "Goldner, John"]
[Black "Bernard, Axel"]
[Result "0-1"]
[WhiteElo "1639"]
[BlackElo "1417"]
[PlyCount "62"]
[EventDate "2023.12.27"]
[EventType "swiss"]
[EventRounds "5"]
[EventCountry "CAN"]

1. e4 c6 2. d4 d5 3. e5 c5 4. c3 Nc6 5. Be3 cxd4 6. cxd4 Bf5 7. Bd3 Bxd3 8.
Qxd3 e6 9. Nc3 Nge7 10. Nge2 Nf5 11. O-O Be7 12. Nf4 Nxe3 13. fxe3 O-O 14. Rf3
Qd7 15. Rh3 g6 16. Rf1 Kg7 17. Rff3 f5 18. exf6+ Rxf6 19. Rfg3 Rf5 20. a3 Raf8
21. Nce2 e5 22. dxe5 Nxe5 23. Qd4 Qc6 24. b4 Qa6 25. Rh5 Qxe2 26. Rf3 Qa6 27.
b5 Qf6 28. Rf1 Nf3+ 29. Rxf3 Qxd4 30. Ne6+ Kg8 31. Nxd4 Rxf3 0-1

[Event "Pere Noel U1800"]
[Site "Montreal CAN"]
[Date "2023.12.29"]
[Round "3.32"]
[White "Sun, Jonathan"]
[Black "Nica, Ion"]
[Result "1/2-1/2"]
[WhiteElo "1398"]
[BlackElo "1634"]
[PlyCount "43"]
[EventDate "2023.12.27"]
[EventType "swiss"]
[EventRounds "5"]
[EventCountry "CAN"]

1. c4 e5 2. Nc3 Nc6 3. g3 f5 4. d3 Bc5 5. Bg2 Nf6 6. e3 O-O 7. Nge2 d6 8. O-O
Qe8 9. a3 a5 10. Nb5 Bb6 11. b3 Qh5 12. Re1 f4 13. gxf4 Bh3 14. Ng3 Qh4 15. f5
Ne7 16. Bxh3 Qxh3 17. Qf3 Ng4 18. Qg2 Qxg2+ 19. Kxg2 Nxf5 20. Nxf5 Rxf5 21. f3
Nh6 22. Bd2 1/2-1/2

[Event "Pere Noel U1800"]
[Site "Montreal CAN"]
[Date "2023.12.29"]
[Round "3.34"]
[White "El-Hassak, Mouhcine"]
[Black "Lamontagne, Damien"]
[Result "1-0"]
[WhiteElo "1558"]
[BlackElo "1423"]
[PlyCount "73"]
[EventDate "2023.12.27"]
[EventType "swiss"]
[EventRounds "5"]
[EventCountry "CAN"]

1. e4 c5 2. Nf3 Nc6 3. Bc4 e6 4. Nc3 Nf6 5. O-O d5 6. exd5 exd5 7. Bb5 Bd7 8.
d4 c4 9. Bg5 a6 10. Re1+ Be7 11. Bxf6 gxf6 12. Bxc6 bxc6 13. Qe2 Be6 14. Qe3 h5
15. Ne2 Bd6 16. Nh4 Kd7 17. Ng3 Bxg3 18. fxg3 Qg8 19. Rf1 Qg5 20. Rf4 Rae8 21.
Qa3 Ra8 22. Raf1 Rh6 23. Qb4 Kc7 24. Qe7+ Kb6 25. b3 c3 26. R1f3 Rc8 27. b4 Rc7
28. Qc5+ Kb7 29. Rxc3 Bg4 30. a4 Be2 31. b5 axb5 32. axb5 Bxb5 33. Ra3 Kb8 34.
Qb6+ Kc8 35. Ra8+ Kd7 36. Qb8 f5 37. Qe8+ 1-0

[Event "Pere Noel U1800"]
[Site "Montreal CAN"]
[Date "2023.12.29"]
[Round "3.35"]
[White "Robillard, Guillaume"]
[Black "Zhao, Alex"]
[Result "1-0"]
[WhiteElo "1650"]
[BlackElo "1315"]
[PlyCount "81"]
[EventDate "2023.12.27"]
[EventType "swiss"]
[EventRounds "5"]
[EventCountry "CAN"]

1. e4 c6 2. Nf3 d5 3. Nc3 Bg4 4. h3 Bxf3 5. Qxf3 e6 6. exd5 cxd5 7. d4 Nc6 8.
Be3 Qb6 9. O-O-O Bb4 10. Nxd5 exd5 11. Qxd5 Nge7 12. Qe4 f5 13. Qf3 O-O 14.
Bc4+ Kh8 15. d5 Ne5 16. Qe2 Qd6 17. Bb3 N7g6 18. h4 Ng4 19. h5 Nf4 20. Qf3 g5
21. Bd4+ Nf6 22. g3 Nh3 23. Qxf5 g4 24. h6 Kg8 25. Bxf6 Qxf6 26. Qxg4+ Qg5+ 27.
Qxg5+ Nxg5 28. d6+ Kh8 29. f4 Ne4 30. c3 Ba5 31. Rhg1 Bb6 32. Rg2 Rf6 33. d7
Rxh6 34. Re2 Nd6 35. f5 Kg7 36. Re6 Bc7 37. Rdxd6 Bxd6 38. Re8 Rh1+ 39. Kc2
Rh2+ 40. Kd3 Rf2 41. Rxa8 1-0

[Event "Pere Noel U1800"]
[Site "Montreal CAN"]
[Date "2023.12.29"]
[Round "3.36"]
[White "Saillant, William"]
[Black "Baran, Marius"]
[Result "0-1"]
[WhiteElo "1467"]
[BlackElo "1736"]
[PlyCount "88"]
[EventDate "2023.12.27"]
[EventType "swiss"]
[EventRounds "5"]
[EventCountry "CAN"]

1. e4 c6 2. d4 d5 3. Nc3 dxe4 4. Nxe4 Nd7 5. Bd3 Ngf6 6. Nxf6+ Nxf6 7. c3 Bg4
8. f3 Bh5 9. Ne2 e6 10. Bf4 Nd5 11. Qb3 Qd7 12. g4 Bg6 13. Bxg6 hxg6 14. O-O-O
Nxf4 15. Nxf4 Bd6 16. Nd3 Qc7 17. h4 O-O-O 18. Kb1 b6 19. Qc4 Kb7 20. Rdf1 Rh7
21. Rh3 Rdh8 22. Rfh1 Qe7 23. g5 Qc7 24. Nb4 Bxb4 25. Qxb4 Rd8 26. h5 gxh5 27.
Rxh5 Rxh5 28. Rxh5 Rd7 29. Qc4 Qg3 30. Qe2 Rd5 31. Rh8 Rxg5 32. Rh2 g6 33. Kc2
Qf4 34. Kb3 Rf5 35. Rh3 Rb5+ 36. Ka3 Qd6+ 37. b4 a5 38. Qd2 axb4+ 39. cxb4 c5
40. Qd3 Rxb4 41. Rh7 Rxd4 42. Rxf7+ Kc6 43. Qa6 c4+ 44. Ka4 c3+ 0-1

[Event "Pere Noel U1800"]
[Site "Montreal CAN"]
[Date "2023.12.29"]
[Round "3.37"]
[White "Tang-Han, Sean"]
[Black "Gauthier, Luc"]
[Result "1-0"]
[WhiteElo "1418"]
[BlackElo "1670"]
[PlyCount "85"]
[EventDate "2023.12.27"]
[EventType "swiss"]
[EventRounds "5"]
[EventCountry "CAN"]

1. e4 Nf6 2. e5 Nd5 3. c4 Nb6 4. d4 d6 5. exd6 exd6 6. Nc3 Be7 7. Nf3 Bg4 8. h3
Bh5 9. Be3 Nc6 10. a3 O-O 11. g4 Bg6 12. Bd3 Bxd3 13. Qxd3 Re8 14. O-O-O d5 15.
c5 Nc4 16. h4 Nxe3 17. fxe3 b6 18. Ng5 g6 19. Rdf1 Bxg5 20. hxg5 Qxg5 21. Rf4
bxc5 22. dxc5 d4 23. Ne4 Rxe4 24. Qxe4 Qxc5+ 25. Qc2 Qd6 26. Rd1 Re8 27. Re4
Rxe4 28. Qxe4 Qc5+ 29. Kb1 Qd6 30. exd4 Kg7 31. d5 Ne5 32. Re1 Nd7 33. Qd4+ Qf6
34. Qxa7 Ne5 35. Qd4 Nd7 36. Qc3 Qxc3 37. bxc3 Nf6 38. c4 Nxg4 39. Re7 h5 40.
Rxc7 h4 41. Re7 h3 42. Re1 Nf2 43. d6 1-0

[Event "Pere Noel U1800"]
[Site "Montreal CAN"]
[Date "2023.12.29"]
[Round "3.38"]
[White "Porlier, Xavier"]
[Black "Dauphinais, Sophie"]
[Result "1-0"]
[WhiteElo "1614"]
[BlackElo "1461"]
[PlyCount "107"]
[EventDate "2023.12.27"]
[EventType "swiss"]
[EventRounds "5"]
[EventCountry "CAN"]

1. e4 c5 2. Nc3 a6 3. f4 b5 4. d4 cxd4 5. Qxd4 Nc6 6. Qf2 e6 7. Nf3 Bb7 8. Be3
Bb4 9. Bd3 Nf6 10. h3 d6 11. O-O O-O 12. a4 Bxc3 13. bxc3 Ne7 14. Nd2 Bc6 15.
axb5 Bxb5 16. Bd4 Bxd3 17. cxd3 Nc6 18. Rfb1 Nd7 19. Ra2 f6 20. Rba1 Qc8 21. f5
e5 22. Be3 Ne7 23. c4 Qc6 24. Nb1 Rfb8 25. Nc3 Rb3 26. Qc2 Qb7 27. Nb5 Rxb5 28.
cxb5 Qxb5 29. Ra5 Qb7 30. Qc4+ Kf8 31. Rxa6 Rc8 32. Qa4 Nc5 33. Bxc5 dxc5 34.
Ra8 Nc6 35. Rxc8+ Qxc8 36. Qa8 Qxa8 37. Rxa8+ Kf7 38. Kf2 h5 39. Ke3 Nd4 40.
Rh8 g6 41. Rh7+ Kg8 42. fxg6 Ne6 43. g3 Ng5 44. Rxh5 Kg7 45. h4 Kxg6 46. Rh8
Nf7 47. Rc8 Nh6 48. Rxc5 Ng4+ 49. Ke2 Nh6 50. Kf3 Nf7 51. Rc6 Nh6 52. g4 Nf7
53. g5 Nd8 54. Rxf6+ 1-0

[Event "Pere Noel U1800"]
[Site "Montreal CAN"]
[Date "2023.12.29"]
[Round "3.39"]
[White "Kiryakov, Marin"]
[Black "Saillant, Christopher"]
[Result "0-1"]
[WhiteElo "1604"]
[BlackElo "1375"]
[PlyCount "70"]
[EventDate "2023.12.27"]
[EventType "swiss"]
[EventRounds "5"]
[EventCountry "CAN"]

1. e4 c5 2. Nf3 d6 3. d4 cxd4 4. Nxd4 Nf6 5. Nc3 g6 6. Be3 Bg7 7. f3 Nc6 8. Qd2
O-O 9. O-O-O Bd7 10. g4 a6 11. h4 h5 12. gxh5 Nxh5 13. Kb1 Rc8 14. Rg1 b5 15.
Nxc6 Rxc6 16. Nd5 e6 17. Nb4 Qf6 18. c3 Rcc8 19. Bg5 Qxf3 20. Bg2 Qg3 21. Be7
Rfe8 22. Bxd6 Qg4 23. Rdf1 Ng3 24. Bf3 Nxf1 25. Rxf1 Qh3 26. Qf2 e5 27. Nd5 Qe6
28. Ba3 Bc6 29. h5 Bxd5 30. exd5 Qf5+ 31. Ka1 e4 32. hxg6 exf3 33. Qh4 fxg6 34.
Rh1 f2 35. Qh7+ Kf7 0-1

[Event "Pere Noel U1800"]
[Site "Montreal CAN"]
[Date "2023.12.29"]
[Round "3.40"]
[White "Ouimet, Alain"]
[Black "Mourad, Michel"]
[Result "0-1"]
[WhiteElo "1322"]
[BlackElo "1598"]
[PlyCount "88"]
[EventDate "2023.12.27"]
[EventType "swiss"]
[EventRounds "5"]
[EventCountry "CAN"]

1. c4 e5 2. Nc3 Nc6 3. Nf3 Nf6 4. d3 Be7 5. g3 O-O 6. Bg2 d6 7. O-O h6 8. a3
Be6 9. Bd2 Qd7 10. b4 a6 11. b5 axb5 12. Nxb5 Na7 13. Nc3 b5 14. cxb5 Nxb5 15.
Nxb5 Qxb5 16. Ne1 Rab8 17. a4 Qb3 18. Nc2 Bd5 19. Qb1 Bxg2 20. Qxb3 Rxb3 21.
Kxg2 Rb2 22. Rfc1 Ra8 23. Bc3 Rb6 24. Nb4 c5 25. Nc2 Nd5 26. Bd2 Rba6 27. e4
Nf6 28. a5 Bd8 29. Ne3 Bxa5 30. Bxa5 Rxa5 31. Rxa5 Rxa5 32. Nc4 Ra6 33. Rb1 Kf8
34. Rb8+ Ke7 35. Nb6 Ra3 36. Rb7+ Ke6 37. f4 exf4 38. gxf4 Rxd3 39. f5+ Ke5 40.
Re7+ Kf4 41. Nd5+ Nxd5 42. exd5 Rxd5 43. Rxf7 Rxf5 44. Rxg7 Rg5+ 0-1

[Event "Pere Noel U1800"]
[Site "Montreal CAN"]
[Date "2023.12.29"]
[Round "3.41"]
[White "Rauch, Damien"]
[Black "Amari, Mathias"]
[Result "0-1"]
[WhiteElo "1531"]
[BlackElo "1421"]
[PlyCount "82"]
[EventDate "2023.12.27"]
[EventType "swiss"]
[EventRounds "5"]
[EventCountry "CAN"]

1. e4 c6 2. Nc3 d5 3. d4 dxe4 4. Nxe4 Nf6 5. Nxf6+ exf6 6. c3 Bd6 7. Nf3 O-O 8.
Be2 Re8 9. O-O Nd7 10. Be3 Nf8 11. Qc2 Be6 12. b3 Qd7 13. Rad1 Ng6 14. a4 Bg4
15. Rfe1 Re7 16. Nd2 Bxe2 17. Rxe2 Nf4 18. Ree1 Rae8 19. Nf1 Qg4 20. Ng3 h5 21.
Qf5 Qh4 22. Qb1 g6 23. Bxf4 Qxf4 24. Rxe7 Rxe7 25. Re1 Rxe1+ 26. Qxe1 h4 27.
Nf1 h3 28. gxh3 Kg7 29. Qe3 Qf5 30. Nd2 Bf4 31. Qe2 Qg5+ 32. Kh1 Bxd2 33. Qd3
Be1 34. Qc2 Qd2 35. Qxd2 Bxd2 36. c4 f5 37. Kg2 Bc3 38. d5 cxd5 39. cxd5 Bb4
40. Kf3 Kf6 41. Ke3 Ke5 0-1

[Event "Pere Noel U1800"]
[Site "Montreal CAN"]
[Date "2023.12.29"]
[Round "3.42"]
[White "Sonko, Babacar"]
[Black "Hammoud, Khaled"]
[Result "0-1"]
[WhiteElo "1526"]
[BlackElo "1372"]
[PlyCount "116"]
[EventDate "2023.12.27"]
[EventType "swiss"]
[EventRounds "5"]
[EventCountry "CAN"]

1. e4 c6 2. Nc3 d5 3. Nf3 Bg4 4. Be2 e6 5. d4 Bb4 6. O-O Bxc3 7. bxc3 dxe4 8.
Ng5 Bf5 9. Bh5 Bg6 10. Re1 Nf6 11. Bxg6 hxg6 12. Nxe4 Nxe4 13. Rxe4 Nd7 14. c4
Nf6 15. Bg5 Qd6 16. Bf4 Qb4 17. Re1 Qxc4 18. Be5 Rd8 19. Qe2 Qxe2 20. Rxe2 Ke7
21. h3 Rd7 22. Rae1 Ne8 23. c3 Rg8 24. g4 Nd6 25. Bf4 Nb5 26. Re3 Rc8 27. Rb1
a6 28. Be5 c5 29. Bxg7 cxd4 30. Bxd4 Nxd4 31. cxd4 b5 32. Ra3 Rc6 33. Rb4 Kd6
34. f3 Kc7 35. Kf2 Kb6 36. Ke3 Rc2 37. Rbb3 Rh2 38. Ke4 Rxh3 39. Ke5 Rh2 40.
Rc3 b4 41. Rab3 a5 42. a3 Kb5 43. axb4 axb4 44. Rc8 Ka4 45. Rb1 Rb7 46. Rc4 Ka3
47. Kf6 b3 48. Rc3 Ka2 49. Rcxb3 Rxb3 50. Rxb3 Kxb3 51. Kxf7 Rf2 52. Kxe6 Rxf3
53. d5 Rf4 54. g5 Rd4 55. d6 Kc4 56. d7 Rxd7 57. Kxd7 Kd5 58. Ke7 Ke5 0-1

[Event "Pere Noel U1800"]
[Site "Montreal CAN"]
[Date "2023.12.29"]
[Round "3.43"]
[White "Liao, Minyan"]
[Black "Zhou, Julian"]
[Result "0-1"]
[WhiteElo "1491"]
[BlackElo "1147"]
[PlyCount "134"]
[EventDate "2023.12.27"]
[EventType "swiss"]
[EventRounds "5"]
[EventCountry "CAN"]

1. e4 c5 2. Nc3 Nc6 3. Bb5 e5 4. Bxc6 dxc6 5. d3 Bd6 6. Nf3 h6 7. Be3 Nf6 8. h3
Be6 9. Qd2 Qe7 10. O-O-O O-O-O 11. g4 g5 12. Kb1 Bc7 13. Qe2 Kb8 14. Nd2 Ba5
15. Na4 b6 16. Nb3 Bxb3 17. axb3 Kb7 18. h4 gxh4 19. Rxh4 Nxe4 20. Rxh6 Rxh6
21. Bxh6 Nd6 22. f4 f6 23. f5 Nf7 24. Be3 Rh8 25. Qg2 Nd6 26. Rf1 Nb5 27. g5
Nd4 28. gxf6 Qxf6 29. Bg5 Qf8 30. f6 b5 31. Nc3 Bd8 32. f7 Bxg5 33. Qxg5 Ne6
34. Qxe5 Rh6 35. Ne4 Kc8 36. Rg1 Kd7 37. Nf6+ Ke7 38. Ng8+ Kxf7 39. Rf1+ Kxg8
40. Rxf8+ Kxf8 41. Qb8+ Ke7 42. Qxa7+ Kd6 43. Qb8+ Kd7 44. Qg8 Rh2 45. Qf7+ Kd6
46. Qg6 Rh3 47. c3 Rh1+ 48. Ka2 Rc1 49. Qh6 Rd1 50. Qh2+ Kd7 51. Qe2 Rh1 52. b4
cxb4 53. Qe4 b3+ 54. Ka3 Ra1+ 55. Kxb3 Nc5+ 56. Kc2 Nxe4 57. dxe4 Kd6 58. b4
Ke5 59. Kb3 Kxe4 60. c4 bxc4+ 61. Kxc4 Rc1+ 62. Kb3 Kd4 63. Kb2 Rc3 64. Ka2 Kc4
65. Kb2 Kxb4 66. Ka1 Rc2 67. Kb1 Kb3 0-1

[Event "Pere Noel U1800"]
[Site "Montreal CAN"]
[Date "2023.12.29"]
[Round "3.45"]
[White "Bedard, Michel"]
[Black "Imbeault, Marc"]
[Result "1-0"]
[WhiteElo "1593"]
[BlackElo "1276"]
[PlyCount "39"]
[EventDate "2023.12.27"]
[EventType "swiss"]
[EventRounds "5"]
[EventCountry "CAN"]

1. d4 d5 2. Nc3 e6 3. Bf4 c5 4. e3 Nc6 5. Nb5 Qa5+ 6. c3 e5 7. dxe5 Be6 8. Nf3
c4 9. Nbd4 Qb6 10. Nxe6 fxe6 11. Qc2 Be7 12. Nd4 Nd8 13. Be2 Nf7 14. Qa4+ Kf8
15. Bg4 Nd8 16. Qd7 Qxb2 17. O-O Qxc3 18. Bxe6 Nf6 19. exf6 gxf6 20. Bh6# 1-0

[Event "Pere Noel U1800"]
[Site "Montreal CAN"]
[Date "2023.12.29"]
[Round "3.46"]
[White "Podariv, Cristian"]
[Black "Saspotas, Mashe"]
[Result "0-1"]
[WhiteElo "1483"]
[BlackElo "1514"]
[PlyCount "82"]
[EventDate "2023.12.27"]
[EventType "swiss"]
[EventRounds "5"]
[EventCountry "CAN"]

1. d4 Nf6 2. c4 c5 3. d5 b5 4. cxb5 a6 5. Nc3 axb5 6. Nxb5 Ba6 7. Nc3 g6 8. g3
Bg7 9. Bg2 d6 10. Nf3 Nbd7 11. O-O O-O 12. Re1 Nb6 13. Nd2 Nc4 14. Qc2 Qd7 15.
Nxc4 Bxc4 16. b3 Bxd5 17. Nxd5 Nxd5 18. Bb2 Nb4 19. Qb1 Bxb2 20. Qxb2 Ra6 21.
a3 Nc6 22. e3 Rb8 23. Qc3 Ne5 24. f4 Nc6 25. b4 cxb4 26. axb4 Rxa1 27. Rxa1
Nxb4 28. Rb1 Na6 29. Ra1 Nc5 30. Qd4 Qb5 31. Rd1 Qb2 32. Qxb2 Rxb2 33. e4 h5
34. e5 dxe5 35. fxe5 e6 36. Rd8+ Kg7 37. Rd1 Re2 38. Rc1 Nd3 39. Rc7 Nxe5 40.
Bh3 g5 41. Bf1 Nf3+ 0-1